Quizz sur One Piece - difficulté moyenne - Statistiques

Statistiques générales
  • Ce quiz a été pris 471 fois
  • Le résultat moyen est 11 sur 20
Statistiques - réponses
Questions Réponses % Correct
Quel est le vrai nom de "Barbe Noire" ? Marshall D. Teach
95%
Qui est le commandant en chef de l'armée révolutionnaire ? Monkey D. Dragon
90%
Qui a tué Ace ? Amiral Akainu
89%
Qui a porté le chapeau de paille de Luffy à l'origine ? Gol D. Roger
87%
Quel est le nom complet de Big Mom ? Charlotte Linlin
81%
Quel est le nom du bateau des Chapeaux de Paille avant le Thousand Sunny ? Vogue Merry
78%
Quel fruit du démon a mangé Trafalgar Law ? Ope Ope no Mi
72%
Quel est le nom du roi d’Alabasta ? Nefertari Cobra
71%
Qui est le chef des prisonniers dans Impel Down ? Magellan
69%
Quel personnage possède le Soru Soru no Mi (Fruit des Âmes) ? Big mom
63%
Dans quelle ville est exécuté Gol D. Roger ? Loguetown
63%
Quel est le nom de l'épée d'Oden ? Enma
61%
Quel personnage appelle Luffy "Mugiwara-ya" ? Trafalgar Law
44%
Quel est le nom du géant avec qui Usopp est ami à Dressrosa ? Hajrudin
42%
Dans quel royaume est né Sabo ? Royaume de Goa
31%
Quel grade possède Smoker au début de la saga ? Capitaine
30%
Comment se nomme l'épée de Zoro, "Maître des sabres noirs" ? Shusui
30%
Qui est la mère de Sanji ? Vinsmoke Sora
28%
Quel fruit du démon permet à Brook de revenir à la vie ? Yomi Yomi no Mi
26%
Quel est le numéro de cellule de Luffy à Impel Down ? Cellule 5-6
1%
Aucun quiz correspondant
Distribution des résultats
% des personnes avec chaque résultat
Percentile par nombre de réponses
Votre historique - résultats
Vous n’avez pas pris ce quiz